La Hongrie pour les touristes... - Facile - Statistiques

Statistiques générales
  • Ce quiz a été pris 29 fois
  • Le résultat moyen est 12 sur 20
Statistiques - réponses
Question Indice Réponses Indice facile % Correct
Quelle est la langue officielle ? Hongrois H
96%
La conduite se fait à droite ou à gauche ? Droite
92%
Dans la capitale y-a-t-il un décalage horaire avec Paris ? (oui/non) Non
88%
Quelles sont les principales villes touristiques ? B Budapest
85%
Achats à faire 1/ Epice orangée Paprika RPAIKPA
85%
Quelle autre langue est répandue ? A Anglais
81%
Quelles sont les principales villes touristiques ? P Pecs CEPS
73%
La vitesse sur autoroute est limitée à {130} km/h
69%
Quelle est la monnaie ? Forint F
69%
Le taux d'alcoolémie toléré au volant est de {0} g/l
65%
La religion majoritaire est catholicisme C
58%
Quelles sont les principales villes touristiques ? E Eger REGE
58%
Achats à faire 2/ Salaison Salami MALAIS
54%
Le suffixe internet est hu
50%
Achats à faire 3/ Boisson alcoolisée Vin V
46%
On peut y visiter les parcs nationaux de B Bukki BIKKU
42%
Quelles sont les principales villes touristiques ? S Szeged DGZEES
42%
Quelles sont les principales villes touristiques ? T Tokay KYATO
27%
Quelles sont les principales villes touristiques ? H Holloko LOKOHOL
15%
On peut y visiter les parcs nationaux de H Hortobagyi BROYAITGHO
12%
Aucun quiz correspondant
Distribution des résultats
% des personnes avec chaque résultat
Percentile par nombre de réponses
Votre historique - résultats
Vous n’avez pas pris ce quiz